Dari Orde Lama menudju Orde Baru. (Record no. 84185)

MARC details
000 -LEADER
fixed length control field 00593cam a22002171 4500
001 - CONTROL NUMBER
control field sa 68011919
003 - CONTROL NUMBER IDENTIFIER
control field DLC
005 - DATE AND TIME OF LATEST TRANSACTION
control field 20260227112605.0
008 - FIXED-LENGTH DATA ELEMENTS--GENERAL INFORMATION
fixed length control field 890403s1967 io ac 000 0 dut
010 ## - LIBRARY OF CONGRESS CONTROL NUMBER
LC control number sa 68011919
035 ## - SYSTEM CONTROL NUMBER
System control number (OCoLC)23422871
040 ## - CATALOGING SOURCE
Original cataloging agency DLC
Transcribing agency MiU
Modifying agency DLC
042 ## - AUTHENTICATION CODE
Authentication code premarc
043 ## - GEOGRAPHIC AREA CODE
Geographic area code a-io---
050 00 - LIBRARY OF CONGRESS CALL NUMBER
Classification number DS644.4
Item number .P69
100 1# - MAIN ENTRY--PERSONAL NAME
Personal name Prawotohadikusumo, Supolo,
Relator term comp.
245 10 - TITLE STATEMENT
Title Dari Orde Lama menudju Orde Baru.
260 ## - PUBLICATION, DISTRIBUTION, ETC.
Place of publication, distribution, etc. Djakarta,
Name of publisher, distributor, etc. Pantjuran Tudjuh
Date of publication, distribution, etc. [1967.
300 ## - PHYSICAL DESCRIPTION
Extent xiv, 430 p.
Other physical details illus., ports.
Dimensions 22 cm.
651 #0 - SUBJECT ADDED ENTRY--GEOGRAPHIC NAME
Geographic name Indonesia
General subdivision History
Chronological subdivision 1966-

No items available.

Powered by Koha